00520nam a2200169 a 4500008004100000020002300041100002300064245006100087260002900148300003300177504005200210500002000262650004100282003000100323005001700324040000900341  a0273020463 (pbk. )1 aDisney, Christine.10aMicrocomputers and business studies /cChristine Disney. aLondon :bPitman,c1985. axi, 180 p. :bill. ;c24 cm. aIncludes bibliographical references (177-178p.) aIncludes index. 1aBusiness education- Data Processing.20230123125403.0 cNUST